| 000 | 00890 a2200229 4500 | ||
|---|---|---|---|
| 010 | _aENG-88896 | ||
| 020 |
_c300.00 _a8186514171 |
||
| 035 | _aEN-72429 | ||
| 037 | _bDBAD / PUB | ||
| 082 | 1 | 4 | _a621.362 |
| 090 |
_c9634 _d9634 |
||
| 100 | _aSreedhar, A.K. | ||
| 245 | 1 |
_aInfrared detectors : _cby A.K. Sreedhar [and] KSR Koteswara Rao _bmaterials and technology / |
|
| 260 |
_aNew Delhi _bDefence Research & Development Organisation(DRDO), Ministry of Defence _c2006 |
||
| 270 |
_aMinistry of Defence, _bNew Delhi _e110 011 |
||
| 300 |
_axiii, 127p. : _c23cm (Hb) |
||
| 490 | _aDRDO monographs/special publications series/edited by A L Moorthy | ||
| 500 | _aIncludes bibliographical references and index | ||
| 700 | _aRao, KSR Koteswara | ||
| 942 |
_adpl _cEN _k621.362/ SRE |
||
| 999 |
_c9460 _d9460 |
||